00609nam a22002057a 450000500170000000800410001704000070005804100120006508200220007710000240009924500770012326000400020030000350024036500280027565000140030365000100031765000280032770000260035570000220038120220726145410.0220726b ||||| |||| 00| 0 eng d cAL aEnglish 223a335.009bNARS aJayaprakash Narayan aSocialism Sarvodaya and Democracy: Selected works of Jayaprakash Narayan aBombaybAsia Publishing Housec1964 axIiii, 287 p.bHBc22x14.5 cm. b₹24.00c₹d₹24.00 aSocialism aIndia aPolitics and government aNARAYAN (Jayaprakash) aPRASAD (Bimla) Ed